[Event "26th Abu Dhabi Master 2019"]
[Site "Abu Dhabi"]
[Date "2019.08.02"]
[Round "1.72"]
[White "Thrish Karthik"]
[Black "Soumya, Swaminathan"]
[Result "0-1"]
[WhiteElo "2075"]
[BlackElo "2402"]
[Annotator "NA"]
[PlyCount "82"]
[EventDate "2019.08.02"]
[EventType "swiss"]
[EventCountry "UAE"]
[SourceTitle "playchess.com"]
[Source "ChessBase"]
[SourceQuality "1"]
[TimeControl "5400+30"]

1. Nf3 {[%emt 0:00:00]} c5 {[%emt 0:00:00]} 2. c4 {[%emt 0:00:14]} Nc6 {[%emt 0:00:30]} 3. Nc3 {[%emt 0:01:53]} g6 {[%emt 0:00:44]} 4. g3 {[%emt 0:02:58]} Bg7 {[%emt 0:00:07]} 5. Bg2 {[%emt 0:00:19]} e6 {[%emt 0:00:04]} 6. O-O {[%emt 0:01:55]} Nge7 {[%emt 0:00:11]} 7. d3 {[%emt 0:03:03]} d5 {[%emt 0:00:34]} 8. cxd5 {[%emt 0:09:27]} exd5 {[%emt 0:02:11]} 9. Bg5 {[%emt 0:01:41]} Be6 {[%emt 0:16:35]} 10. e4 {[%emt 0:14:27]} Qd7 {[%emt 0:06:21]} 11. Re1 {[%emt 0:10:17]} O-O {[%emt 0:01:36]} 12. Bxe7 {[%emt 0:07:13]} Nxe7 {[%emt 0:00:07]} 13. e5 {[%emt 0:00:10]} h6 {[%emt 0:25:23]} 14. d4 {[%emt 0:06:05]} b6 {[%emt 0:02:59]} 15. Qd2 {[%emt 0:03:29]} Rac8 {[%emt 0:04:24]} 16. Ne2 {[%emt 0:06:31]} Bg4 {[%emt 0:15:54]} 17. Nf4 {[%emt 0:07:49]} g5 {[%emt 0:00:09]} 18. Ne2 {[%emt 0:03:49]} Nc6 {[%emt 0:04:18]} 19. Rad1 {[%emt 0:05:05]} Bxf3 {[%emt 0:04:59]} 20. Bxf3 {[%emt 0:00:03]} cxd4 {[%emt 0:00:11]} 21. Nxd4 {[%emt 0:00:32]} Nxe5 {[%emt 0:00:03]} 22. Bg2 {[%emt 0:02:37]} Nc4 {[%emt 0:00:07]} 23. Qb4 {[%emt 0:02:16]} Rfe8 {[%emt 0:02:07]} 24. Rxe8+ {[%emt 0:03:56]} Rxe8 {[%emt 0:00:12]} 25. b3 {[%emt 0:04:48]} Nb2 {[%emt 0:00:32]} 26. Rb1 {[%emt 0:00:31]} Nd3 {[%emt 0:01:44]} 27. Qb5 {[%emt 0:01:19]} Qxb5 {[%emt 0:03:36]} 28. Nxb5 {[%emt 0:00:01]} Re2 {[%emt 0:00:08]} 29. Bxd5 {[%emt 0:01:23]} Rxa2 {[%emt 0:01:33]} 30. Nd6 {[%emt 0:00:36]} Nxf2 {[%emt 0:02:27]} 31. Bxf7+ {[%emt 0:00:25]} Kf8 {[%emt 0:01:10]} 32. b4 {[%emt 0:00:35]} Rd2 {[%emt 0:00:16]} 33. Nc4 {[%emt 0:00:28]} Rd4 {[%emt 0:01:10]} 34. Be6 {[%emt 0:00:32]} Nd1 {[%emt 0:00:46]} 35. Na3 {[%emt 0:00:30]} Rd2 {[%emt 0:00:42]} 36. Nc4 {[%emt 0:00:30]} Bd4+ {[%emt 0:01:58]} 37. Kh1 {[%emt 0:00:31]} Nf2+ {[%emt 0:00:26]} 38. Kg2 {[%emt 0:00:28]} Re2 {[%emt 0:00:11]} 39. Bd5 {[%emt 0:00:22]} Nd1+ {[%emt 0:01:44]} 40. Kh1 {[%emt 0:00:38]} Re1+ {[%emt 0:00:24]} 41. Kg2 {[%emt 0:00:30]} Ne3+ {[%emt 0:00:48]} 0-1

[Event "26th Abu Dhabi Master 2019"]
[Site "Abu Dhabi"]
[Date "2019.08.02"]
[Round "1.73"]
[White "Rakesh Kumar Jena"]
[Black "Salonika, Saina"]
[Result "1/2-1/2"]
[WhiteElo "2395"]
[BlackElo "2127"]
[Annotator "NA"]
[PlyCount "56"]
[EventDate "2019.08.02"]
[EventType "swiss"]
[EventCountry "UAE"]
[SourceTitle "playchess.com"]
[Source "ChessBase"]
[SourceQuality "1"]
[TimeControl "5400+30"]

1. d4 Nf6 2. Nf3 g6 3. Nc3 d5 4. Bf4 Bg7 5. e3 O-O 6. Be2 c6 7. h3 Nbd7 8. g4 b6 9. g5 Ne4 10. Nxe4 dxe4 11. Nd2 e5 12. dxe5 Qe7 13. Nxe4 Qb4+ 14. Nd2 Qxb2 15. Rb1 Qc3 16. e6 Nc5 17. Bd6 Bxe6 18. Bxf8 Rxf8 19. Rc1 Rd8 20. Bd3 Qa5 21. Qe2 Bc3 22. Rd1 Na4 23. Qf3 Nb2 24. Ke2 Nxd1 25. Rxd1 Bxd2 26. Rxd2 c5 27. Qf6 b5 28. Rd1 c4 1/2-1/2

[Event "26th Abu Dhabi Master 2019"]
[Site "Abu Dhabi"]
[Date "2019.08.02"]
[Round "1.74"]
[White "Soham Kamotra"]
[Black "Assaubayeva, Bibisara"]
[Result "1-0"]
[WhiteElo "2136"]
[BlackElo "2375"]
[Annotator "NA"]
[PlyCount "77"]
[EventDate "2019.08.02"]
[EventType "swiss"]
[EventCountry "UAE"]
[SourceTitle "playchess.com"]
[Source "ChessBase"]
[SourceQuality "1"]
[TimeControl "5400+30"]

1. Nf3 Nf6 2. c4 g6 3. g3 c5 4. Bg2 Bg7 5. d4 cxd4 6. Nxd4 O-O 7. Nc3 Nc6 8. O-O Nxd4 9. Qxd4 d6 10. Qd3 a6 11. Rd1 Bf5 12. e4 Bg4 13. f3 Be6 14. Be3 Qa5 15. Rac1 Rfc8 16. b3 Nd7 17. Nd5 Bxd5 18. Qxd5 Qxd5 19. Rxd5 Rc7 20. Bh3 Nf6 21. Rdd1 Ne8 22. c5 Bb2 23. Rc4 Ba3 24. cxd6 exd6 25. Rxc7 Nxc7 26. Bc1 Bc5+ 27. Kf1 b5 28. a3 a5 29. Ke2 Kf8 30. Bb2 Ke7 31. e5 d5 32. Rc1 Na6 33. f4 Ra7 {[%emt 1:27:27]} 34. Bc8 {[%emt 1:29:35]} Bb6 {[%emt 0:01:34]} 35. Bxa6 {[%emt 0:01:15]} Rxa6 {[%emt 0:00:01]} 36. Rc6 {[%emt 0:00:03]} a4 {[%emt 0:06:49]} 37. bxa4 {[%emt 0:00:29]} bxa4 {[%emt 0:01:29]} 38. Bd4 {[%emt 0:00:14]} Bxd4 {[%emt 0:02:00]} 39. Rxa6 {[%emt 0:00:03]} 1-0

[Event "26th Abu Dhabi Master 2019"]
[Site "Abu Dhabi"]
[Date "2019.08.02"]
[Round "1.74"]
[White "Soham Kamotra"]
[Black "Assaubayeva, Bibisara"]
[Result "*"]
[WhiteElo "2136"]
[BlackElo "2375"]
[Annotator "NA"]
[PlyCount "31"]
[EventDate "2019.08.02"]
[EventType "swiss"]
[EventCountry "UAE"]
[SourceTitle "playchess.com"]
[Source "ChessBase"]
[SourceQuality "1"]
[TimeControl "5400+30"]

1. c4 Nf6 {[%emt 0:00:03]} 2. d4 {[%emt 0:01:38]} e6 {[%emt 0:00:09]} 3. Nc3 {[%emt 0:00:32]} Bb4 {[%emt 0:00:15]} 4. Nf3 {[%emt 0:00:44]} O-O {[%emt 0:00:23]} 5. Qc2 {[%emt 0:01:19]} d5 {[%emt 0:01:30]} 6. a3 {[%emt 0:00:13]} Bxc3+ {[%emt 0:00:47]} 7. Qxc3 {[%emt 0:00:03]} dxc4 {[%emt 0:02:25]} 8. Qxc4 {[%emt 0:00:06]} b6 {[%emt 0:00:53]} 9. Bg5 {[%emt 0:00:05]} Ba6 {[%emt 0:03:26]} 10. Qa4 {[%emt 0:00:05]} h6 {[%emt 0:02:37]} 11. Bh4 {[%emt 0:00:12]} Bb7 {[%emt 0:01:48]} 12. e3 {[%emt 0:02:03]} Qd7 {[%emt 0:16:13]} 13. Bb5 {[%emt 0:07:18]} c6 {[%emt 0:02:17]} 14. Be2 {[%emt 0:00:07]} c5 {[%emt 0:01:01]} 15. Qd1 {[%emt 0:06:21]} cxd4 {[%emt 0:06:04]} 16. Qxd4 {[%emt 0:03:26]} *

[Event "26th Abu Dhabi Master 2019"]
[Site "Abu Dhabi"]
[Date "2019.08.02"]
[Round "1.75"]
[White "Manush Shah"]
[Black "Tarini Goyal"]
[Result "1/2-1/2"]
[WhiteElo "2373"]
[BlackElo "2038"]
[Annotator "NA"]
[PlyCount "71"]
[EventDate "2019.08.02"]
[EventType "swiss"]
[EventCountry "UAE"]
[SourceTitle "playchess.com"]
[Source "ChessBase"]
[SourceQuality "1"]
[TimeControl "5400+30"]

1. d4 Nf6 2. Nf3 d5 3. c4 e6 4. e3 b6 5. cxd5 exd5 6. Nc3 Bb7 7. Bd3 Bd6 8. O-O O-O 9. Qc2 c5 10. b3 Nc6 11. a3 cxd4 12. exd4 Re8 13. Bg5 h6 14. Bxf6 Qxf6 15. Nxd5 Qd8 16. Nc3 Rc8 17. Bf5 Rc7 18. Qd3 Ne7 19. Nb5 Ba6 20. Rfe1 g6 21. Bh3 Rf8 22. a4 Nd5 23. Qe4 Bxb5 24. axb5 Nf4 25. Ne5 Bxe5 26. dxe5 Nxh3+ 27. gxh3 Re8 28. Rad1 Qg5+ 29. Kh1 Rc5 30. Rd5 Rxd5 31. Qxd5 Qf5 32. Kg2 Qg5+ 33. Kf1 Qf5 34. Re3 Rc8 35. Qf3 Qxf3 36. Rxf3 1/2-1/2

[Event "26th Abu Dhabi Master 2019"]
[Site "Abu Dhabi"]
[Date "2019.08.03"]
[Round "2.1"]
[White "Kiriakov, Petr"]
[Black "Salem, A.R. Saleh"]
[Result "0-1"]
[WhiteElo "2516"]
[BlackElo "2672"]
[Annotator "TA"]
[PlyCount "96"]
[EventDate "2019.08.02"]
[EventType "swiss"]
[EventCountry "UAE"]
[SourceTitle "playchess.com"]
[Source "ChessBase"]
[SourceQuality "1"]

{[%evp 29,96,33,35,36,35,22,43,-13,-6,-49,-56,-45,-15,-30,0,0,0,-182,-176,-180,-173,-177,-145,-213,-158,-159,-149,-131,-109,-108,-95,-225,-218,-230,-223,-231,-216,-298,-293,-594,-606,-532,-561,-561,-569,-735,-682,-614,-695,-695,-695,-695,-695,-695,-695,-735,-720,-687,-686,-885,-686,-29965,-5700,-29974,-979,-29977,-29977,-29976,-5210]} 1. d4 Nf6 2. c4 g6 3. Nc3 Bg7 4. Nf3 O-O 5. e4 d6 6. Be2 e5 7. O-O Nc6 8. d5 Ne7 9. Ne1 Nd7 10. Be3 f5 11. f3 f4 12. Bf2 g5 13. a4 {[%cal Ba2a4,Ba4a5][%mdl 32]} Rf6 14. a5 Rh6 15. Nd3 Nf6 16. Be1 {E99: King's Indian: Classical Main Line: 9 Ne1 Nd7 10 f3 f5} Rg6 17. Nf2 h5 18. h3 {[#]} ({White should try} 18. a6 $14) 18... Kh8 $146 ({Predecessor:} 18... g4 19. fxg4 hxg4 20. hxg4 Kh8 21. Kh2 Neg8 22. Rh1 Nh6 23. Kg1 Kg8 {0-1 (67) Swayams,M (2470)-Pichot,A (2542) Moscow 2016}) 19. Rc1 Neg8 20. c5 Nh6 21. cxd6 cxd6 22. Nb5 g4 23. Rxc8 $2 (23. hxg4 $11 {and White is okay.} hxg4 24. Nc7) 23... Rxc8 $19 24. Nxa7 Ra8 $36 {[%mdl 2048] Black has strong initiative.} 25. Nb5 {[%cal Rf3g4]} Qd7 {Hoping for ...gxh3.} 26. hxg4 (26. fxg4 $17 hxg4 27. Nxg4) 26... hxg4 27. fxg4 {[#]} Rg8 $1 {[%cal Rh6g4]} ({Resist} 27... Nhxg4 28. Nxg4 Nxg4 29. Bxg4 $11) 28. Qd3 {Qh3 would now be nice for White.} Bf8 {[%cal Rh6g4]} 29. Qh3 Qh7 {[%cal Rh6g4]} 30. Bb4 (30. Bf3 $17 {was necessary.}) 30... Nfxg4 31. Nxg4 Nxg4 32. Qxh7+ Kxh7 33. Bf3 Ne3 {[%cal Rg6g2] White must now prevent ...Rxg2+.} 34. Rc1 $2 (34. b3) 34... Rxg2+ 35. Bxg2 Rxg2+ {[%mdl 64] [#] Double Attack} 36. Kh1 f3 37. Bxd6 Ng4 {[%cal Rg4f2]} 38. Rf1 Rh2+ 39. Kg1 f2+ 40. Rxf2 Rxf2 41. Bxf8 Rxf8 42. Nd6 Rf2 43. b4 Rb2 44. b5 Kg6 45. b6 Kg5 46. Nc4 Rb1+ 47. Kg2 Kf4 48. d6 Nf6 {Accuracy: White = 40%, Black = 89%.} (48... Ne3+ $142 49. Nxe3 Kxe3 50. d7 Rd1 51. Kg3 Rxd7 52. Kg4 Kxe4 53. Kg5 Kd4 54. Kf5 e4 55. a6 e3 56. Ke6 Rh7 57. axb7 e2 58. b8=Q e1=Q+ 59. Kf5 Qe4+ 60. Kf6 Qf3+ 61. Qf4+ Qxf4+ 62. Kg6 Rh6+ 63. Kg7 Qf6+ {[%mdl 64] Double Attack} 64. Kg8 Rh8#) 0-1

[Event "26th Abu Dhabi Master 2019"]
[Site "Abu Dhabi"]
[Date "2019.08.03"]
[Round "2.2"]
[White "Maghsoodloo, Parham"]
[Black "Sindarov, Javokhir"]
[Result "1-0"]
[WhiteElo "2656"]
[BlackElo "2479"]
[Annotator "TA"]
[PlyCount "101"]
[EventDate "2019.08.02"]
[EventType "swiss"]
[EventCountry "UAE"]
[SourceTitle "playchess.com"]
[Source "ChessBase"]
[SourceQuality "1"]

{[%evp 17,101,21,22,14,37,22,33,27,42,42,40,42,28,25,39,29,30,32,29,40,29,-33,-27,-31,-22,-82,-81,-116,-111,-112,-103,-110,-76,-72,-72,-63,-37,-70,-58,-58,-59,-70,-69,-84,-72,-75,26,27,28,0,8,-46,-40,-35,0,0,1,-10,-8,0,0,-110,195,198,689,762,773,693,910,910,810,815,1014,1034,1684,1640,1251,1275,1698,1752,1682,1654,5061,4502,5490,5173]} 1. d4 Nf6 2. Nf3 g6 3. Bg5 Bg7 4. Nbd2 d5 5. e3 O-O 6. Be2 c5 7. c3 Qb6 8. Qb3 Nc6 9. O-O Bf5 10. h3 {D03: 1 d4 d5 2 Nf3 Nf6 3 Bg5, including Torre Attack with early ...d5} h6 (10... Rfe8 11. Bf4 Ne4 12. g4 Nxd2 13. Nxd2 Bc8 14. Qxb6 axb6 15. Bc7 cxd4 16. exd4 e5 17. dxe5 Bxe5 18. Bxe5 Rxe5 {½-½ (39) Tomashevsky,E (2722)-Volokitin,A (2668) Novi Sad 2016}) 11. Bh4 g5 12. Bg3 {White is slightly better.} c4 $146 ({Predecessor:} 12... Rfc8 13. Ne5 cxd4 14. exd4 e6 15. Rac1 Qxb3 16. axb3 Ne4 {½-½ (16) Kljako,D (2197)-Tomazini,A (2314) Pula 2015}) 13. Qa3 Qa5 14. Qxa5 Nxa5 15. Ne5 Rac8 16. f4 e6 17. fxg5 hxg5 18. h4 g4 19. Rxf5 ({White should play} 19. e4 $11 dxe4 20. Nexc4 Nxc4 21. Nxc4) 19... exf5 $15 20. Rf1 Nh5 21. Kh2 (21. Be1 $1 $11 {keeps the balance.} Bh6 22. Rxf5 Bxe3+ 23. Kf1) 21... Nc6 22. Nxc6 bxc6 23. Bd6 Rfd8 24. Ba3 Bh6 25. Rxf5 {[#]} Ng7 $1 ({Don't play} 25... Bxe3 26. Nf1 $11) 26. Rf6 g3+ 27. Kxg3 Bxe3 28. Nf1 Bc1 29. Bg4 Re8 30. Kh2 Rb8 31. Rxc6 Rb6 (31... Bxb2 $17 32. Bxb2 Rxb2) 32. Rxb6 $11 axb6 33. Bf3 Nf5 {Strongly threatening ...Re1.} 34. Bxd5 (34. g4 $11 Nxh4 35. Bxd5) 34... b5 $1 $15 35. Kh3 Re1 36. Ng3 Ne3 37. Bf3 {Hoping for d5.} Nc2 38. Bc5 {aiming for d5.} Bxb2 39. Ne4 (39. Ne2 $11) 39... b4 $2 {[%mdl 8192] [#]} (39... Ne3 $17 {stays on course.} 40. g4 Nd5) 40. d5 $1 $18 {[%cal Rd5d6] And now d6 would win.} (40. cxb4 Bxd4 41. Kg4 Bg7 $17) 40... Bxc3 $2 (40... Ne3) 41. Nxc3 {White is clearly winning.} bxc3 {[%mdl 4096] Endgame KRN-KB} 42. d6 {White threatens d7 and mate.} Rb1 43. d7 Rb8 44. Be7 Ne3 45. Bg5 Nf5 46. d8=Q+ Rxd8 47. Bxd8 c2 48. Bg5 Nd4 49. a4 c3 50. Be4 f6 51. Be3 {Accuracy: White = 63%, Black = 41%.} 1-0

[Event "26th Abu Dhabi Master 2019"]
[Site "Abu Dhabi"]
[Date "2019.08.03"]
[Round "2.3"]
[White "Vasquez Schroeder, Rodrigo"]
[Black "Akopian, Vladimir"]
[Result "1/2-1/2"]
[WhiteElo "2496"]
[BlackElo "2650"]
[Annotator "TA"]
[PlyCount "31"]
[EventDate "2019.08.02"]
[EventType "swiss"]
[EventCountry "UAE"]
[SourceTitle "playchess.com"]
[Source "ChessBase"]
[SourceQuality "1"]

{[%evp 15,31,44,38,27,20,9,13,15,11,22,31,34,22,26,15,19,9,18]} 1. e4 c5 2. Nf3 e6 3. d4 cxd4 4. Nxd4 a6 5. Bd3 Nf6 6. O-O Qc7 7. Qe2 d6 8. f4 g6 9. Nc3 {B42: Sicilian: Kan Variation: 5 Bd3} Bg7 10. e5 dxe5 {[#]} 11. Ndb5 $1 {[%mdl 512]} axb5 12. Nxb5 Qe7 {Threatens to win with ...0-0.} 13. fxe5 O-O $1 {Hoping for ...Nfd7.} 14. exf6 Bxf6 15. c3 {[#]} Bd7 $146 ({Predecessor:} 15... Bg7 16. Bc4 Kh8 {½-½ (60) Lampert,J (2546)-Gordievsky,D (2638) Biel 2018}) 16. Be3 1/2-1/2

[Event "26th Abu Dhabi Master 2019"]
[Site "Abu Dhabi"]
[Date "2019.08.03"]
[Round "2.4"]
[White "Sadhwani, Raunak"]
[Black "Esipenko, Andrey"]
[Result "1/2-1/2"]
[WhiteElo "2477"]
[BlackElo "2621"]
[Annotator "ChessBase"]
[PlyCount "114"]
[EventDate "2019.08.02"]
[EventType "swiss"]
[EventCountry "UAE"]
[SourceTitle "playchess.com"]
[Source "ChessBase"]
[SourceQuality "1"]
[TimeControl "5400+30"]

1. e4 {[%emt 0:00:00]} e5 {[%emt 0:00:00]} 2. Nf3 {[%emt 0:00:00]} Nc6 {[%emt 0:00:00]} 3. Bb5 {[%emt 0:00:00]} a6 {[%emt 0:00:03]} 4. Bxc6 {[%emt 0:00:00]} dxc6 {[%emt 0:00:08]} 5. O-O {[%emt 0:00:00]} Qf6 {[%emt 0:03:32]} 6. d4 {[%emt 0:00:01]} exd4 {[%emt 0:00:20]} 7. Bg5 {[%emt 0:00:08]} Qd6 {[%emt 0:00:14]} 8. Nxd4 {[%emt 0:00:08]} Be7 {[%emt 0:02:02]} 9. Be3 {[%emt 0:00:59]} Bd7 {[%emt 0:11:19]} 10. Qe2 {[%emt 0:15:03]} O-O-O {[%emt 0:06:09]} 11. Nd2 {[%emt 0:03:46]} Qg6 {[%emt 0:03:36]} 12. f3 {[%emt 0:08:42]} f5 {[%emt 0:06:41]} 13. exf5 {[%emt 0:06:16]} Bxf5 {[%emt 0:00:06]} 14. Nc4 {[%emt 0:00:18]} Qf6 {[%emt 0:17:31]} 15. Rad1 {[%emt 0:05:16]} Bd7 {[%emt 0:01:15]} 16. Nb3 {[%emt 0:02:53]} Qe6 {[%emt 0:05:21]} 17. Rfe1 {[%emt 0:05:16]} Nf6 {[%emt 0:03:27]} 18. Nca5 {[%emt 0:19:16]} Qf5 {[%emt 0:02:08]} 19. g4 {[%emt 0:03:26]} Qb5 {[%emt 0:05:19]} 20. c4 {[%emt 0:01:53]} Qa4 {[%emt 0:03:56]} 21. Qc2 {[%emt 0:12:23]} b6 {[%emt 0:09:52]} 22. Nb7 {[%emt 0:02:02]} Rde8 {[%emt 0:02:04]} 23. g5 {[%emt 0:01:16]} c5 {[%emt 0:06:50]} 24. gxf6 {[%emt 0:00:47]} gxf6 {[%emt 0:02:01]} 25. N7xc5 {[%emt 0:02:55]} bxc5 {[%emt 0:01:03]} 26. Qe4 {[%emt 0:02:05]} Bc6 {[%emt 0:00:49]} 27. Qf5+ {[%emt 0:01:06]} Kb8 {[%emt 0:00:28]} 28. Bf4 {[%emt 0:05:49]} Qxa2 {[%emt 0:04:48]} 29. Re3 {[%emt 0:01:37]} Bd6 {[%emt 0:01:25]} 30. Rxe8+ {[%emt 0:01:01]} Rxe8 {[%emt 0:00:16]} 31. Nxc5 {[%emt 0:00:29]} Rg8+ {[%emt 0:00:09]} 32. Kf2 {[%emt 0:00:30]} Qxb2+ {[%emt 0:01:26]} 33. Rd2 {[%emt 0:00:01]} Qa1 {[%emt 0:00:11]} 34. Bg3 {[%emt 0:00:29]} Qc3 {[%emt 0:01:27]} 35. Nxa6+ {[%emt 0:00:35]} Kb7 {[%emt 0:00:06]} 36. Rxd6 {[%emt 0:01:03]} cxd6 {[%emt 0:01:23]} 37. Qxh7+ {[%emt 0:00:01]} Kxa6 {[%emt 0:00:06]} 38. Qxg8 {[%emt 0:00:03]} Qd2+ {[%emt 0:00:49]} 39. Kf1 {[%emt 0:00:42]} Qd1+ {[%emt 0:00:21]} 40. Kf2 {[%emt 0:00:01]} Qxf3+ {[%emt 0:00:15]} 41. Ke1 {[%emt 0:00:01]} Qe3+ {[%emt 0:00:51]} 42. Kf1 {[%emt 0:00:01]} Qd3+ {[%emt 0:00:16]} 43. Ke1 {[%emt 0:00:29]} Qc3+ {[%emt 0:00:27]} 44. Kf1 {[%emt 0:00:12]} Qc1+ {[%emt 0:00:37]} 45. Ke2 {[%emt 0:00:09]} Qc2+ {[%emt 0:00:08]} 46. Ke1 {[%emt 0:00:21]} Qe4+ {[%emt 0:00:41]} 47. Kf2 {[%emt 0:00:32]} f5 {[%emt 0:00:23]} 48. Qc8+ {[%emt 0:02:13]} Bb7 {[%emt 0:00:08]} 49. Qd7 {[%emt 0:00:49]} Qd4+ {[%emt 0:00:34]} 50. Ke1 {[%emt 0:00:12]} Qc3+ {[%emt 0:00:23]} 51. Kf2 Qd2+ {[%emt 0:00:38]} 52. Kf1 {[%emt 0:00:18]} Qd3+ {[%emt 0:00:45]} 53. Ke1 {[%emt 0:01:05]} Qc3+ {[%emt 0:00:25]} 54. Kf2 {[%emt 0:00:07]} Qd4+ {[%emt 0:00:51]} 55. Ke1 {[%emt 0:00:05]} Qe3+ {[%emt 0:00:38]} 56. Kf1 {[%emt 0:00:04]} Qd3+ {[%emt 0:00:13]} 57. Ke1 {[%emt 0:00:34]} Qe3+ 1/2-1/2

[Event "26th Abu Dhabi Master 2019"]
[Site "Abu Dhabi"]
[Date "2019.08.03"]
[Round "2.5"]
[White "Socko, Bartosz"]
[Black "Tahbaz, Arash"]
[Result "1-0"]
[WhiteElo "2625"]
[BlackElo "2461"]
[Annotator "TA"]
[PlyCount "79"]
[EventDate "2019.08.02"]
[EventType "swiss"]
[EventCountry "UAE"]
[SourceTitle "playchess.com"]
[Source "ChessBase"]
[SourceQuality "1"]

{[%evp 14,79,22,18,29,0,0,-17,-17,-11,-8,-19,-14,-26,-20,-18,-24,-21,-20,-17,-3,-24,-19,-33,0,-14,-37,-26,-23,-40,-41,-17,-8,-16,-2,0,0,-6,0,0,65,65,67,64,66,68,114,98,127,127,151,148,219,218,216,211,211,211,230,196,235,233,264,290,258,302,366,341]} 1. d4 Nf6 2. c4 e6 3. Nf3 b6 4. g3 Ba6 5. b3 Bb4+ 6. Bd2 Be7 7. Bg2 c6 8. O-O O-O {E15: Queen's Indian: 4 g3 sidelines, 4 g3 Ba6 and 4 g3 Bb7 early deviations} (8... d5 9. Qc2 Nbd7 10. Rd1 Rc8 11. a4 O-O 12. Na3 Bb7 13. Qb2 c5 14. Be1 Re8 15. e3 cxd4 16. Nxd4 a6 17. a5 Qc7 18. axb6 Qxb6 19. cxd5 Bxd5 20. Bxd5 Nxd5 {1-0 (67) Yu,Y (2751)-Ivanchuk,V (2726) Huaian 2017}) 9. Bg5 d5 10. Nbd2 Nbd7 {The position is equal.} 11. Re1 $146 ({Predecessor:} 11. Qc2 Rc8 12. e4 dxe4 13. Nxe4 c5 14. Rad1 Nxe4 15. Bxe7 Qxe7 16. Qxe4 {½-½ (79) Evdokimov,A (2486)-Anisimov,P (2500) Sochi 2006}) 11... Bb7 12. Qc2 c5 13. Rad1 h6 14. Bxf6 Nxf6 15. Qb2 Qc7 16. Rc1 Rac8 17. cxd5 exd5 18. Ne5 Bd6 19. Nd3 Qe7 20. dxc5 bxc5 21. Qb1 Rfe8 22. e3 Rc7 23. Nf4 Rec8 24. Qf5 {[%cal Rf4d5]} Rd8 25. Red1 ({Don't blunder} 25. Bxd5 $2 Nxd5 26. Nxd5 Bxd5 $19) 25... d4 26. Bxb7 dxe3 ({Black should play} 26... Rxb7 $11 27. Nc4 Bxf4 28. Qxf4 Rbd7) 27. Nd5 $14 Nxd5 28. Bxd5 {[#] fxe3 is the strong threat.} exd2 29. Rxd2 Rf8 30. Rcd1 $36 {[%mdl 2048] White is in control.} (30. Bc4 {looks sharper.} Qe5 31. Qg6 Be7 32. Rcd1 Kh8 33. Qb1) 30... Qe5 31. Qf3 Be7 {[#]} 32. Bc4 $1 Bf6 (32... g6 $16 {keeps fighting.} 33. Rd7 Rxd7 34. Rxd7 a5) 33. Rd7 $18 a5 34. Kg2 Kh8 35. h4 Kg8 36. a4 Rxd7 37. Rxd7 Qe8 38. Ra7 Qd8 39. h5 Qd2 40. Qf5 {Accuracy: White = 68%, Black = 47%.} 1-0

[Event "26th Abu Dhabi Master 2019"]
[Site "Abu Dhabi"]
[Date "2019.08.03"]
[Round "2.6"]
[White "Venkatesh, M.R."]
[Black "Indjic, Aleksandar"]
[Result "0-1"]
[WhiteElo "2480"]
[BlackElo "2604"]
[Annotator "TA"]
[PlyCount "80"]
[EventDate "2019.08.02"]
[EventType "swiss"]
[EventCountry "UAE"]
[SourceTitle "playchess.com"]
[Source "ChessBase"]
[SourceQuality "1"]

{[%evp 12,102,29,14,41,12,8,4,5,12,4,0,7,3,10,0,16,0,32,22,26,31,27,18,23,16,29,15,21,0,46,25,16,0,121,51,183,129,129,122,92,106,133,130,133,32,34,16,16,26,226,218,198,0,0,0,0,0,0,0,0,0,0,-1,-4,-106,-109,-110,-117,-115,-26,-32,-45,-55,-63,-60,-13,-13,-13,-13,-9,-89,-73,-1880,0,-2069,-29967,-1946,-29965,-9727,-11707,-5265,-2427]} 1. e4 c5 2. Nf3 d6 3. Bb5+ Bd7 4. Bxd7+ Nxd7 5. O-O Ngf6 6. Qe2 e6 7. c3 Ne5 {B52: Sicilian: Moscow Variation with 3...Bd7} (7... Be7 8. d4 O-O 9. e5 dxe5 10. dxe5 Nd5 11. c4 Nb4 12. Nc3 Nc6 13. Rd1 a6 14. Bf4 Qc7 15. h4 Rfd8 16. h5 h6 17. b3 Nf8 18. Ne4 Rxd1+ 19. Rxd1 {½-½ (29) Meier,G (2628)-Aronian,L (2763) Karlsruhe/Baden Baden 2019}) 8. d4 Nxf3+ 9. Qxf3 d5 {The position is equal.} 10. e5 Nd7 11. Qg4 $146 ({Predecessor:} 11. Qg3 Qb6 12. dxc5 Nxc5 13. b4 Nd7 14. Be3 Qa6 15. Bd4 {0-1 (41) Klip,H (2322)-Van der Stricht,G (2369) Belgium 2001}) 11... Qb6 12. Nd2 cxd4 13. cxd4 h5 14. Qf4 g5 15. Qe3 $1 g4 16. Nb3 Nb8 17. Bd2 Nc6 18. Qd3 h4 19. a4 a6 20. Kh1 Rh5 21. f4 Rf5 22. Rfc1 Bh6 (22... Nb4 $11 {remains equal.} 23. Bxb4 Bxb4) 23. g3 ({Better is} 23. Nc5 $16) 23... Ke7 (23... Rh5 $14 24. Kg1 Bf8) 24. Kg2 (24. a5 $18 Qa7 25. Nc5) 24... Rh8 $16 25. a5 Qa7 26. Qe2 Bf8 27. Qxg4 Rfh5 28. Rh1 (28. f5 $1 $16 {[%cal Rf5e6] And now fxe6 would win.} h3+ 29. Kh1 Rxf5 30. Bg5+ Ke8 31. Bf6) 28... Ke8 $14 29. Bc3 b5 30. Qf3 b4 $2 (30... hxg3 $1 $11 {and Black is okay.} 31. hxg3 Rxh1 32. Rxh1 Rxh1 33. Kxh1 b4) 31. g4 $18 h3+ 32. Kf2 $2 (32. Kg3 $18) 32... Rh4 $11 33. Bd2 {Hoping for Be3.} Nxd4 34. Be3 Bc5 $1 35. Nxd4 Bxd4 36. Rac1 Kd7 {White must now prevent ...Rxg4!} 37. Rhg1 Rg8 38. Rce1 (38. Rc2 $11) 38... Bxe3+ $17 39. Rxe3 Qd4 40. b3 Qd2+ {Played: Qd4-c5} 0-1